Profit týždenník o ekonomike a spoločnosti

Gespeichert in:
Bibliographische Detailangaben
Format: Schriftenreihe
Sprache:Slowakisch
Veröffentlicht: Bratislava A-HA, public 2000
Schlagworte:
Tags: Tag hinzufügen
Keine Tags, Fügen Sie das erste Tag hinzu!

MARC

LEADER 00000nas2a2200000 4500
001 s124834
005 20171213151227.4
022 |a 1335-4620 
041 0 |a slo 
044 |a SK 
245 1 0 |a Profit  |b týždenník o ekonomike a spoločnosti 
264 1 |a Bratislava  |b A-HA, public  |c 2000 
300 |a 3 zv. 
773 0 |w eu_un_cat*s121032 
610 2 0 |a podnikanie